Statistics for F1 2023 Race Winners

Click here to take the quiz!

General Stats

  • This quiz has been taken 175 times
    (112 since last reset)
  • The average score is 22 of 22

Answer Stats

HintAnswer% Correct
Bahrain GPMax Verstappen
100%
Netherlands GPMax Verstappen
100%
Las Vegas GPMax Verstappen
100%
Brazil GPMax Verstappen
100%
Mexico GPMax Verstappen
100%
United States GPMax Verstappen
100%
Qatar GPMax Verstappen
100%
Japan GPMax Verstappen
100%
Italy GPMax Verstappen
100%
Belgium GPMax Verstappen
100%
Hungary GPMax Verstappen
100%
United Kingdom GPMax Verstappen
100%
Austria GPMax Verstappen
100%
Canada GPMax Verstappen
100%
Spain GPMax Verstappen
100%
Monaco GPMax Verstappen
100%
Miami GPMax Verstappen
100%
Australia GPMax Verstappen
100%
Abu Dhabi GPMax Verstappen
100%
Singapore GPCarlos Sainz
96%
Saudi-Arabia GPSergio Perez
94%
Azerbaijan GPSergio Perez
94%

Score Distribution

Percentile by Number Answered

Percent of People with Each Score

Your Score History

You have not taken this quiz since the last reset